| 000 | 00468nam a2200145 a 4500 | ||
|---|---|---|---|
| 001 | ASIN0521475643 | ||
| 005 | 20140919190231.0 | ||
| 008 | 140919s1999 xxu eng d | ||
| 100 | 1 | _aKhan, Abdul Waheed | |
| 245 | 1 | 4 |
_aWhat western scholars says about trinity _cAbdul Waheed Khan |
| 250 | _a1st ed. | ||
| 260 |
_a[Karachi] : _bAbdul Waheed Khan _c1999. |
||
| 300 |
_a62 p. ; _c25 cm. |
||
| 856 | 4 | 0 |
_3Amazon.com _uhttp://www.amazon.com/exec/obidos/ASIN/chopaconline-20 |
| 999 |
_c10230 _d10230 |
||